Les équipes professionnels des 5 grands pays européen - Statistiques

Statistiques générales
  • Ce quiz a été pris 26 fois
  • Le résultat moyen est 62 sur 393
Statistiques - réponses
Réponse % Correct
Arsenal
81%
Liverpool
81%
Manchester City
81%
Manchester United
81%
Chelsea
71%
FC Barcelona
71%
Lille
71%
Marseille
71%
Monaco
71%
Paris SG
71%
Real Madrid
71%
Stade Rennais
71%
Strasbourg
71%
AC Milan
67%
Aston Villa
67%
Inter Milan
67%
Lyon
67%
Toulouse
67%
Angers
62%
Montpellier
62%
Nantes
62%
Paris FC
62%
Reims
62%
Saint-Étienne
62%
Atlético Madrid
57%
Juventus
57%
Lorient
57%
Auxerre
52%
Brest
52%
Le Havre
52%
Lens
52%
Metz
52%
OGC Nice
52%
Real Sociedad
52%
Valencia
52%
Bayern Munich
48%
Como
48%
Leeds United
48%
Napoli
48%
Real Betis
48%
AS Roma
43%
Atalanta
43%
Athletic Bilbao
43%
Bayer Leverkusen
43%
Bournemouth
43%
Brentford
43%
Clermont
43%
Everton
43%
Fulham
43%
Lazio
43%
Leicester City
43%
Newcastle United
43%
Real Oviedo
43%
Rodez
43%
Sevilla
43%
Tottenham Hotspur
43%
West Ham United
43%
Amiens
38%
Bologna
38%
Borussia Dortmund
38%
Dunkerque
38%
Eintracht Frankfurt
38%
Fiorentina
38%
Red Star
38%
Southampton
38%
Torino
38%
Udinese
38%
Wolverhampton Wanderers
38%
Ajaccio
33%
Celta Vigo
33%
Espanyol
33%
Girona
33%
Guingamp
33%
Hamburger SV
33%
Hellas Verona
33%
Laval
33%
Le Mans
33%
Nancy
33%
Pau
33%
Queens Park Rangers
33%
Sassuolo
33%
Schalke 04
33%
Sunderland
33%
Troyes
33%
Union Berlin
33%
Venezia
33%
VfL Wolfsburg
33%
Villarreal
33%
Alavés
29%
Annecy
29%
Bastia
29%
Brighton & Hove Albion
29%
Burnley
29%
Crystal Palace
29%
Deportivo La Coruña
29%
Genoa
29%
Grenoble
29%
Lecce
29%
Málaga
29%
Norwich City
29%
Nottingham Forrest
29%
Palermo
29%
Parma
29%
RB Leipzig
29%
Sheffield United
29%
Werder Bremen
29%
1. FC Koln
24%
Birmingham City
24%
Blackburn Rovers
24%
Borussia Monchengladbach
24%
Cardiff City
24%
Ipswich Town
24%
Las Palmas
24%
Luton Town
24%
Mainz 05
24%
Mallorca
24%
Monza
24%
Osasuna
24%
Sampdoria
24%
Sheffield Wednesday
24%
West Bromwich Albion
24%
Benevento
19%
Blackpool
19%
Bra
19%
Bradford City
19%
Cádiz
19%
Derby County
19%
Eibar
19%
Fortuna Düsseldorf
19%
Portsmouth
19%
Preston North End
19%
Rayo Vallecano
19%
SC Freiburg
19%
Swansea City
19%
TSG Hoffenheim
19%
VfB Stuttgart
19%
Wigan Athletic
19%
AFC Wimbledon
14%
Bari
14%
Bolton Wanderers
14%
Elche
14%
FC Augsburg
14%
Getafe
14%
Hertha BSC
14%
Hull City
14%
Pescara
14%
Pisa
14%
Salernitana
14%
Sporting Gijón
14%
Stoke City
14%
Valladolid
14%
1.FC Heidenheim
10%
1. FC Nürnberg
10%
Albacete
10%
Arminia Bielefeld
10%
Bath City
10%
Cagliari
10%
CD Mirandés
10%
Coventry City
10%
Darmstadt 98
10%
Empoli
10%
FC Ingolstadt
10%
FC St Pauli
10%
Hannover 96
10%
Holstein Kiel
10%
Leganés
10%
Levante
10%
Middlesbrough
10%
Millwall
10%
Notts County
10%
Padova
10%
Plymouth Argyle
10%
Reading
10%
Rot-Weiss Essen
10%
SPAL
10%
Spezia
10%
Triestina
10%
UD Almeria
10%
VfL Bochum
10%
Wrexham
10%
Zaragoza
10%
1. FC Kaiserslautern
5%
1. FC Saarbrücken
5%
Ascoli
5%
Avellino
5%
Brescia
5%
Bristol City
5%
Bristol Rovers
5%
Cambridge United
5%
Carlisle United
5%
Carpi
5%
Carrarese
5%
Córdoba
5%
Cosenza
5%
Doncaster Rovers
5%
Dover Athletic
5%
Dynamo Dresden
5%
Eintracht Braunschweig
5%
Exeter City
5%
FC Andorra
5%
Foggia
5%
Greuther Fürth
5%
Hansa Rostock
5%
Karlsruher SC
5%
Lecco
5%
Leyton Orient
5%
Mantova
5%
Milton Keynes Dons
5%
Modena
5%
Morecambe
5%
Novara
5%
Oldham Athletic
5%
Preußen Münster
5%
Racing de Santander
5%
Reggiana
5%
Rimini
5%
Rotherham United
5%
SC Paderborn
5%
SSV Ulm
5%
Stevenage
5%
SV Elversberg
5%
Swindon Town
5%
Tranmere Rovers
5%
Watford
5%
Wycombe Wanderers
5%
York City
5%
1860 Munich
0%
1. FC Magdeburg
0%
1. FC Schweinfurt
0%
Accrington Stanley
0%
AFC Fylde
0%
AFC Telford United
0%
AFC Totton
0%
AlbinoLeffe
0%
Alcione
0%
Aldershot Town
0%
Alemannia Aachen
0%
Alfreton Town
0%
Altrincham
0%
Arezzo
0%
Arzignano Valchiampo
0%
Atalanta U23
0%
Audace Cerignola
0%
Barnet
0%
Barnsley
0%
Barrow
0%
Bedford Town
0%
Boreham Wood
0%
Boston United
0%
Brackley Town
0%
Braintree Town
0%
Bromley
0%
Burgos
0%
Burton Albion
0%
Buxton
0%
Campobasso
0%
Casarano
0%
Casertana
0%
Castellón
0%
Catania
0%
Catanzaro
0%
Cavese
0%
Cesena
0%
Ceuta
0%
Charlton Athletic
0%
Chelmsford City
0%
Cheltenham Town
0%
Chesham United
0%
Chester
0%
Chesterfield
0%
Chippenham Town
0%
Chorley
0%
Cittadella
0%
Colchester United
0%
Crawley Town
0%
Crewe Alexandra
0%
Crotone
0%
Cultural Leonesa
0%
Curzon Ashton
0%
Dagenham & Redbridge
0%
Darlington
0%
Dolomiti Bellunesi
0%
Dorking Wanderers
0%
Eastbourne Borough
0%
Eastleigh
0%
Ebbsfleet United
0%
Energie Cottbus
0%
Enfield Town
0%
Erzgebirge Aue
0%
Farnborough
0%
Feralpisalò
0%
Fleetwood Town
0%
Forest Green Rovers
0%
Forlì
0%
Gateshead
0%
Giana Erminio
0%
Gillingham
0%
Giugliano
0%
Grimsby Town
0%
Gubbio
0%
Guidonia Montecelio
0%
Halifax Town
0%
Hampton & Richmond Borough
0%
Harrogate Town
0%
Hartlepool United
0%
Hemel Hempstead Town
0%
Hereford
0%
Hornchurch
0%
Horsham
0%
Huddersfield Town
0%
Huesca
0%
Jahn Regensburg
0%
Juventus Next Gen
0%
Juve Stabia
0%
Kidderminster Harriers
0%
King's Lynn Town
0%
Latina
0%
Leamington
0%
Lincoln City
0%
Livorno
0%
Lucchese
0%
Lumezzane
0%
Macclesfield
0%
Maidenhead United
0%
Maidstone United
0%
Mansfield Town
0%
Marine
0%
Merthyr Town
0%
Monopoli
0%
MSV Duisburg
0%
Newport County
0%
Ospitaletto
0%
Oxford City
0%
Oxford United
0%
Pergolettese
0%
Perugia
0%
Peterborough Sports
0%
Peterborough United
0%
Pianese
0%
Picerno
0%
Pineto
0%
Pontedera
0%
Port Vale
0%
Potenza
0%
Pro Vercelli
0%
Radcliffe
0%
Real Sociedad B
0%
Renate
0%
Rochdale
0%
Salford City
0%
Salisbury
0%
Sambenedettese
0%
Scarborough Athletic
0%
Scunthorpe United
0%
SC Verl
0%
Shrewsbury Town
0%
Siracusa
0%
Slough Town
0%
Solihull Moors
0%
Sorrento
0%
Southend United
0%
Southport
0%
South Shields
0%
Spennymoor Town
0%
Stockport County
0%
Südtirol
0%
Sutton United
0%
Tamworth
0%
Team Altamura
0%
Tonbridge Angels
0%
Torquay United
0%
Torres
0%
Trapani
0%
Trento
0%
Truro City
0%
TSG Hoffenheim II
0%
VfB Stuttgart II
0%
VfL Osnabrück
0%
Vicenza
0%
Viktoria Köln
0%
Virtus Entella
0%
Virtus Verona
0%
Vis Pesaro
0%
Waldhof Mannheim
0%
Walsall
0%
Wealdstone
0%
Wehen Wiesbaden
0%
Weston-super-Mare
0%
Woking
0%
Worksop Town
0%
Worthing
0%
Yeovil Town
0%
Aucun quiz correspondant
Distribution des résultats
% des personnes avec chaque résultat
Percentile par nombre de réponses
Votre historique - résultats
Vous n’avez pas pris ce quiz